| 000 | 00864nam a2200181 a 4500 | ||
|---|---|---|---|
| 008 | 120416s1988 ||||||||||||||||| || u | ||
| 020 | _a1850915393 | ||
| 050 | _aHD 30.27 Bar | ||
| 100 | _aBarrow, Colin | ||
| 245 | 1 | 4 | _aThe business plan workbook |
| 260 |
_aLondon _bKogan Page _c1988 |
||
| 350 | _a0.00 | ||
| 650 | 0 | _aMANAGEMENT | |
| 650 | _aMANAGEMENT--BUSINESS PLANNING | ||
| 995 |
_aMAIN LIBRARY OPEN ACCESS _D0.00 _e721856 _FCBU-MAIN LIBRARY (Kitwe) _H1 _I18.95 _jHD 30.27 Bar _M1 _UAVAILABLE _y003066 _ZMain Library Open Access Collection |
||
| 995 |
_aMAIN LIBRARY OPEN ACCESS _D0.00 _e721857 _FCBU-MAIN LIBRARY (Kitwe) _H2 _I18.95 _jHD 30.27 Bar _M2 _UAVAILABLE _y003067 _ZMain Library Open Access Collection |
||
| 995 |
_aMAIN LIBRARY OPEN ACCESS _D0.00 _e721858 _FCBU-MAIN LIBRARY (Kitwe) _H3 _I18.95 _jHD 30.27 Bar _M3 _UAVAILABLE _y003068 _ZMain Library Open Access Collection |
||
| 999 |
_c77934 _d77934 |
||